000 00442nam a2200181Ia 4500
005 20250326144226.0
008 250326s9999 xx 000 0 und d
037 _aTextbook
040 _aFMSL
_beng
_cFMSL
041 _aeng
_2eng
084 _qFMSL
100 _aYanovsky M
_9738187
245 0 _aStochostic processes
_cYanovsky M
260 _aUS
_bUS, Methuen
_c1968
300 _a135p
942 _cTB
999 _c1302878
_d1302878